00534nam a2200193 a 4500001001300000003000900013005001700022008004100039020002300080082001300103100002500116245002300141260005400164300000800218500003500226505003100261650002300292700002500315nice12345678IN_TiNIC20260116013313.0050524s1995 newa grp 000 0 eng  a8174357 c15000a297bHAM aHamidullah, Muhammad aEmergence of Islam aNew Delhi bAdam Publisher and Distributer c1995 a283 aincludes index and biblioraphy2 aNotes, Bibliography, Index aIslam-Meccan Trade1 aHamidullah, Muhammad